000 00321nam a2200133Ia 4500
005 20260328104246.0
008 260328s9999||||xx |||||||||||||| ||und||
100 _aPérez Carmona, Rafael
245 0 _aDesagues /
_cRafael Pérez Carmona
260 _bEscala
300 _a357 p.
650 _aCONSTRUCCIÓN
942 _cBK
999 _c10088
_d10088